わくわくどきどき目的地クイズ2 - Statistics

General Stats
  • This quiz has been taken 111 times
  • The average score is 8 of 15
Answer Stats
乗る種別 方向 進む駅数 答え % Correct
のぞみ 下り 10 小倉
96%
普通 下り 10 延岡
65%
特急 下り 2 鹿児島
64%
ホームライナー浜松 上り 1 静岡
61%
特急 下り 9 佐伯
60%
特急 下り 2 都城
60%
FDA 上り 1 静岡空港
54%
特急 上り 12 甲府
51%
リムジンバス 上り 2 鹿児島空港
49%
特急 下り 8 南宮崎
46%
特急 上り 7 千葉
43%
普通 下り 25 隼人
42%
特急 下り 8 銚子
41%
リムジンバス 上り 2 藤枝
36%
各停 下り 6 天文館通
23%
No matching quizzes found
Score Distribution
Percent of People with Each Score
Percentile by Number Answered
Your Score History
You have not taken this quiz